Register partnerov verejného sektora

1.2.2017 nadobudne účinnosť zákon č.315/2016 o registri partnerov verejného sektora. Partner verejného sektora - vymedzenie. Proces registrácie. Identifikácia konečného užívateľa výhod. Sankčné mechanizmy. Zákon je ďalším z nástrojov politiky boja proti korupcii v podnikateľskom prostredí.

Gespeichert in:
Bibliographische Detailangaben
1. Verfasser: Hrašková, Dagmar
Format: Buchkapitel
Sprache:Slowakisch
Schlagworte:
Tags: Tag hinzufügen
Keine Tags, Fügen Sie das erste Tag hinzu!

MARC

LEADER 00000naa a2200000 4500
001 0228321
005 20220805074304.7
041 0 |a slo 
044 |a SK 
245 1 0 |a Register partnerov verejného sektora  |c Dagmar Hrašková 
520 |a 1.2.2017 nadobudne účinnosť zákon č.315/2016 o registri partnerov verejného sektora. Partner verejného sektora - vymedzenie. Proces registrácie. Identifikácia konečného užívateľa výhod. Sankčné mechanizmy. Zákon je ďalším z nástrojov politiky boja proti korupcii v podnikateľskom prostredí. 
610 2 0 |a sektor súkromný 
610 2 0 |a sektor verejný 
610 2 0 |a korupcia 
610 2 0 |a činnosť trestná 
610 2 0 |a politika protikorupčná 
610 2 0 |a úpravy právne 
100 1 |a Hrašková, Dagmar